Statystyki dla Wszystkie reprezentacje które wygrały mistrzostwa świata

Kliknij tutaj aby rozwiązać quiz!

Ogólne statystyki

  • Ten quiz został rozwiązany 112 razy
  • Średni wynik to 28 z 30

Statystyki odpowiedzi

HintOdpowiedź% Poprawnych
2 WygraneFrancja
99%
2018Francja
99%
1998Francja
98%
2022Argentyna
97%
1978Argentyna
97%
1958Brazylia
97%
2002Brazylia
97%
1970Brazylia
97%
1994Brazylia
97%
1986Argentyna
97%
3 WygraneArgentyna
97%
5 WygranychBrazylia
97%
1962Brazylia
97%
4 WygraneNiemcy
95%
1990Niemcy
95%
1974Niemcy
95%
2014NIemcy
95%
1954Niemcy
95%
4 WygraneWłochy
94%
1982Włochy
94%
2006Włochy
94%
1934Włochy
94%
1938Włochy
94%
1 WygranaHiszpania
93%
2010Hiszpania
93%
2 WygraneUrugwaj
90%
1950Urugwaj
90%
1930Urugwaj
90%
1966Anglia
89%
1 WygranaAnglia
89%

Rozkład punktacji

Percentyl według liczby udzielonych odpowiedzi

Procent ludzi z każdym wynikiem

Twoja historia wyników

Nie rozwiązałeś tego quizu